Catálogo

Made to stick : (Registro nro. 68599)

Detalles MARC
000 -LEADER
fixed length control field 01048cam a22003135a 4500
001 - CONTROL NUMBER
control field 68599
003 - CONTROL NUMBER IDENTIFIER
control field Mx-PuUPA
005 - DATE AND TIME OF LATEST TRANSACTION
control field 20220302080834.0
008 - FIXED-LENGTH DATA ELEMENTS--GENERAL INFORMATION
fixed length control field 160105r20082007nyu gr 001 0 eng d
020 ## - INTERNATIONAL STANDARD BOOK NUMBER
International Standard Book Number 9781400064281
040 ## - CATALOGING SOURCE
Original cataloging agency Mx-PuUPA
Language of cataloging spa
Transcribing agency Mx-PuUPA
Modifying agency Mx-PuUPA
Description conventions rda
041 0# - LANGUAGE CODE
Language code of text/sound track or separate title eng
100 1# - MAIN ENTRY--PERSONAL NAME
Personal name Heath, Chip,
Dates associated with a name 1963-
9 (RLIN) 10449
245 10 - TITLE STATEMENT
Title Made to stick :
Remainder of title why some ideas survive and others die /
Statement of responsibility, etc. Chip Heath & Dan Heath.
250 ## - EDITION STATEMENT
Edition statement 2008 Random House hardcover edition
264 34 - PRODUCTION, PUBLICATION, DISTRIBUTION, MANUFACTURE, AND COPYRIGHT NOTICE
Place of production, publication, distribution, manufacture Ney York :
Name of producer, publisher, distributor, manufacturer Random House,
Date of production, publication, distribution, manufacture, or copyright notice ©2008
300 ## - PHYSICAL DESCRIPTION
Extent 323 p. ;
Dimensions 22 cm.
336 ## - CONTENT TYPE
Fuente rdacontent
Content type term texto
Content type code txt
337 ## - MEDIA TYPE
Source rdamedia
Media type term sin medio
Media type code n
338 ## - CARRIER TYPE
Source rdacarrier
Carrier type term volumen
Carrier type code nc
650 14 - SUBJECT ADDED ENTRY--TOPICAL TERM
Topical term or geographic name entry element Psicología social
650 14 - SUBJECT ADDED ENTRY--TOPICAL TERM
Topical term or geographic name entry element Contagio (efectos sociales)
650 14 - SUBJECT ADDED ENTRY--TOPICAL TERM
Topical term or geographic name entry element Efectos del contexto
General subdivision Psicología
700 1# - ADDED ENTRY--PERSONAL NAME
Personal name Heath, Dan,
Dates associated with a name 1973-
Relator term autor
942 ## - ADDED ENTRY ELEMENTS (KOHA)
Source of classification or shelving scheme Dewey Decimal Classification
Koha item type Libro
Classification part 302.13
Item part H437
Existencias
Withdrawn status Lost status Source of classification or shelving scheme Damaged status Not for loan Collection code Home library Current library Shelving location Date acquired Source of acquisition Cost, normal purchase price Total Checkouts Total Renewals Full call number Barcode Date last seen Date last checked out Copy number Cost, replacement price Price effective from Koha item type
    Dewey Decimal Classification     General Biblioteca Karol Wojtyla Biblioteca Karol Wojtyla Sala general 06/08/2024 2 550.80 1 1 302.13 H437 2008 100846 05/01/2026 02/03/2023 Ej,2 550.80 06/08/2024 Libro
    Dewey Decimal Classification     General Biblioteca Karol Wojtyla Biblioteca Karol Wojtyla Sala general 06/08/2024 2 550.80 2 2 302.13 H437 2008 100845 05/01/2026 16/03/2023   550.80 06/08/2024 Libro